000 00633nam a2200241Ia 4500
003 OSt
005 20221007060756.0
006 a|||||r|||| 00| 0
007 ta
008 221006b |||||||| |||| 00| 0 eng d
024 _a14,623
037 _cTextual
040 _aFLL
_cFLL
_beng
041 _2eng
_aeng
082 _aX:8F:Z2y7, L9
100 _aCharlu N. Krishnama
_9681324
245 0 _aLaw of accounts
250 _a2nd
260 _aAhmedabad
_bThe New Gujarat Law House India
_c1979
300 _a202p
_ccm.
942 _hX:8F:Z2y7, L9
_cTEXL
_2CC
999 _c1123352
_d1123352